Lễ hội cổ truyền của người Việt, cấu trúc và thành tố
Сохранить в:
| Главный автор: | |
|---|---|
| Формат: | |
| Язык: | Vietnamese |
| Опубликовано: |
Hà Nội
Mỹ thuật
2016
|
| Предметы: | |
| Метки: |
Добавить метку
Нет меток, Требуется 1-ая метка записи!
|
| Thư viện lưu trữ: | Trung tâm Học liệu Lê Vũ Hùng, Trường Đại học Đồng Tháp |
|---|
| LEADER | 00891aam a22002538a 4500 | ||
|---|---|---|---|
| 001 | 00045159 | ||
| 005 | 20191105101123.0 | ||
| 008 | 140604s2013 ||||||viesd | ||
| 020 | # | # | |c 0 |a 9786047846726 |
| 041 | 0 | # | |a vie |
| 082 | 1 | # | |a 394.269 597 |b L250H |
| 100 | 1 | # | |a Nguyễn, Chí Bền |
| 245 | 1 | 0 | |c Nguyễn Chí Bền |a Lễ hội cổ truyền của người Việt, cấu trúc và thành tố |
| 260 | # | # | |a Hà Nội |b Mỹ thuật |c 2016 |
| 300 | # | # | |a 470 tr. |c 21 cm. |
| 500 | # | # | |a ĐTTS ghi: Hội văn nghệ dân gian Việt Nam |
| 653 | # | # | |a Cấu trúc |
| 653 | # | # | |a Lễ hội cổ truyền |
| 653 | # | # | |a Thành tố |
| 653 | # | # | |a Việt Nam |
| 653 | # | # | |a Văn hóa dân gian |
| 852 | # | # | |j KD.0026617 |
| 910 | 0 | # | |d 05/11/2019 |
| 980 | # | # | |a Trung tâm Học liệu Lê Vũ Hùng, Trường Đại học Đồng Tháp |


